000 00343pab a2200145 454500
008 180718b1995 xxu||||| |||| 00| 0 eng d
100 _aShah, Vidyaben
245 _aBeijing Conference
_btowards and equitable society.
260 _c1995
300 _ap.3-5
362 _aOct
650 _aWomen
773 _aSocial Welfare
909 _a29769
999 _c29769
_d29769